000 00338nam a2200145Ia 4500
100 _aBowersox/Donald J
942 _cBK
366 _f25
245 _aLogistical Management: Integrated supply chain proccess
260 _bTata McGraw Hil
_c1996
082 _a658.5
_bBOW
300 _a730
546 _aENGLISH
_cInfo.Tech
999 _c29184
_d29184